Analýza kvality elektrickej energie v mieste pripojenia fotovoltickej elektrárne

Uložené v:
Podrobná bibliografia
Hlavný autor: Urminský, Maroš, 1990- (Autor)
Ďalší autori: Cintula, Boris, 1986- (Vedúci práce)
Médium: Rukopis Kniha
Jazyk:Slovak
Vydavateľské údaje: Bratislava : STU v Bratislave FEI, 2013
Predmet:
On-line prístup:VAIS
Tagy: Pridať tag
Žiadne tagy, Buďte prvý, kto otaguje tento záznam!

MARC

LEADER 00000ntm a22000003a 4500
001 stu272639
005 20150617230230.0
008 130801s2013----xo------------------slo-d
040 |a STU  |b slo 
041 0 |a slo 
044 |a xo 
100 1 |a Urminský, Maroš,  |d 1990-  |4 aut  |u E  |T FEI Fakulta elektrotechniky a informatiky  |X 6131  |U E  |Y 30  |7 A000006131 
242 0 0 |a Analysis of power quality at point of connection for a photovoltaic power plant  |y eng 
245 1 |a Analýza kvality elektrickej energie v mieste pripojenia fotovoltickej elektrárne 
260 |a Bratislava :  |b STU v Bratislave FEI,  |c 2013 
300 |a 41 s 
650 7 |a Electrical Engineering  |2 estusub 
650 7 |a obnoviteľný zdroj energie  |2 stusub 
650 7 |a kvalita elektrickej energie  |2 stusub 
700 1 |a Cintula, Boris,  |d 1986-  |4 ths  |u E020  |U FEI Fakulta elektrotechniky a informatiky  |T FEI Ústav elektroenergetiky a aplikovanej elektrotechniky  |X 35350  |U E020  |Y 548  |7 A000035350 
856 4 |a info a plný text  |u http://is.stuba.sk/zp/portal_zp.pl?podrobnosti=78188  |3 VAIS 
996 |b 284ER01210  |c E*Bc-1210  |l EE32  |s P  |a 0  |w stu272639_0001